000 00529nam a2200181Ia 4500
003 GCL
008 140319s9999 xx 000 0 ara d
040 _aGCL /
_cGCL
082 0 4 _aد
_b050
100 1 _aفتحى رضوان
245 1 0 _aالخليج العاشق ( اقرا 455 ) /
_cفتحى رضوان
300 _a206 ص
490 _aوثائق ونصوص
_v0
650 0 4 _aالمقالات العربية
650 0 4 _aالمقالات
650 0 4 _aالمقالات العربية - مجموعات
942 _2ddc
_cCF
999 _c27143
_d27143